Resource recovery processing equipment

Αποθηκεύτηκε σε:
Λεπτομέρειες βιβλιογραφικής εγγραφής
Κύριος συγγραφέας: Bendersky, David
Μορφή: Βιβλίο
Γλώσσα:English
Δημοσίευση: Park Ridge : Noyes Data, c1982
Σειρά:Pollution technology review ; ; 93
Θέματα:
Ετικέτες: Προσθήκη ετικέτας
Δεν υπάρχουν, Καταχωρήστε ετικέτα πρώτοι!

MARC

LEADER 00000nam a2200000 i 4500
001 1/64939
008 931004s1982 eng d
020 |a 0-8155-0911-1 
035 |a ΛΕΣΒΟΣb10001471  |l 10001471 
040 |a GR-MY-UA  |b gre  |e aacr 
041 0 |a eng 
082 0 |a 662.8 
100 1 |a Bendersky, David. 
245 1 0 |a Resource recovery processing equipment /  |c David Bendersky ... [et al.] 
260 |a Park Ridge :   |b Noyes Data,   |c c1982 
300 |a 417 p. 
490 1 |a Pollution technology review  |v ; 93 
504 |a Includes bibliographical references and index 
650 0 0 |a Recycling (Waste, etc.)  |x Equipment and supplies. 
830 0 |a Pollution technology review ;  |v ; 93 
852 |a INST  |b LESVOS  |e 19931004  |h 662.8 RES  |p 005100006015  |q 005100006015  |t BK  |y 0 
909 |a Λ  |b 012348